000 00446nam a22001697a 4500
005 20251104115303.0
008 251104b |||||||| |||| 00| 0 eng d
037 _cTB
040 _aENG
_cENG
084 _bAL
100 _aA.B.E. Masrao
_9850057
245 _aBuddhism and interfaith dialogue
260 _bMacmillan,
_c1995.
300 _a242p.
942 _2CC
_cTB
_n0
999 _c1465125
_d1465125